[Event "Stuttgart-chB int"]
[Site "Ditzingen"]
[Date "2018.05.12"]
[Round "5"]
[White "Eberhard, Michael"]
[Black "Rautenberg, Uwe"]
[Result "1/2-1/2"]
[WhiteElo "1702"]
[BlackElo "1909"]
[PlyCount "63"]
[EventDate "2018.05.10"]
[EventType "swiss"]
[EventRounds "7"]
[EventCountry "GER"]
[SourceTitle "EXT 2020"]
[Source "ChessBase"]
[SourceDate "2019.10.17"]
[SourceVersion "1"]
[SourceVersionDate "2019.10.17"]
[SourceQuality "1"]

1. d4 d6 2. c4 Nf6 3. Nc3 Nbd7 4. Bf4 e5 5. Bg5 Be7 6. e3 c6 7. Qb3 Qb6 8. Qxb6 axb6 9. Nf3 h6 10. Bxf6 Bxf6 11. Ne4 Be7 12. Be2 f5 13. Nc3 e4 14. Nd2 Nf6 15. 0-0 Be6 16. f3 d5 17. cxd5 cxd5 18. Nb5 Rc8 19. Rac1 Kd7 20. Nb3 Rxc1 21. Rxc1 Rc8 22. Rxc8 Kxc8 23. a3 Ne8 24. Kf2 Kd7 25. Nd2 Nd6 26. Nc3 Bf7 27. Nb5 Nxb5 28. Bxb5+ Ke6 29. fxe4 fxe4 30. Be2 Kd6 31. Nb1 Be8 32. Nc3 1/2-1/2

[Event "Stuttgart-chA int"]
[Site "Gerlingen"]
[Date "2007.05.17"]
[Round "1"]
[White "Rautenberg, Uwe"]
[Black "Nabavi, Parwis"]
[Result "1-0"]
[WhiteElo "1972"]
[BlackElo "2173"]
[PlyCount "79"]
[EventDate "2007.05.17"]
[EventType "swiss"]
[EventRounds "7"]
[EventCountry "GER"]
[SourceTitle "EXT 2018"]
[Source "ChessBase"]
[SourceDate "2017.10.13"]
[SourceVersion "1"]
[SourceVersionDate "2017.10.13"]
[SourceQuality "1"]

1. Nf3 Nf6 2. g3 g6 3. Bg2 Bg7 4. 0-0 0-0 5. d3 d5 6. Nbd2 Re8 7. c3 e5 8. e4 c5 9. b4 cxb4 10. cxb4 a6 11. Qb3 Nc6 12. Bb2 d4 13. a3 Be6 14. Qd1 Bh6 15. Nb3 b6 16. Bc1 Bg7 17. Ng5 Nd7 18. Nxe6 Rxe6 19. Bh3 Re8 20. Bd2 Ra7 21. Rc1 Ncb8 22. f4 f6 23. Qc2 Kh8 24. Qc4 Rf8 25. Rc2 Qe7 26. Rfc1 h6 27. Qd5 Qd8 28. a4 Re8 29. a5 b5 30. Qf7 Kh7 31. f5 g5 32. Bg4 Kh8 33. h4 Re7 34. Qg6 Re8 35. hxg5 Nf8 36. Qh5 fxg5 37. f6 Bxf6 38. Rc8 Qxc8 39. Rxc8 Rxc8 40. Bxc8 1-0

[Event "Stuttgart-chA"]
[Site "Stuttgart"]
[Date "2004.??.??"]
[Round "?"]
[White "Rautenberg, Uwe"]
[Black "Horvatic, Vladimir"]
[Result "1-0"]
[WhiteElo "2015"]
[BlackElo "1805"]
[PlyCount "95"]
[EventDate "2004.05.20"]
[EventType "swiss"]
[EventRounds "7"]
[EventCountry "GER"]
[SourceTitle "EXT 2007"]
[Source "ChessBase"]
[SourceDate "2006.11.23"]
[SourceVersion "1"]
[SourceVersionDate "2006.11.23"]
[SourceQuality "1"]

1. Nf3 Nf6 2. b3 g6 3. Bb2 Bg7 4. e3 d5 5. c4 c6 6. d4 0-0 7. Ne5 Nbd7 8. f4 Nxe5 9. dxe5 Bg4 10. Be2 Bxe2 11. Qxe2 Ne4 12. 0-0 e6 13. Nc3 Nxc3 14. Bxc3 f5 15. Bb4 Rf7 16. Bd6 Bf8 17. c5 b5 18. b4 a6 19. a4 Rfa7 20. Ra3 Qd7 21. Rfa1 Qb7 22. axb5 cxb5 23. g4 Qc6 24. gxf5 gxf5 25. Kf2 Rg7 26. Qf3 Raa7 27. Re1 Rg6 28. Raa1 Rag7 29. Rg1 Be7 30. Rxg6 hxg6 31. Bxe7 Rxe7 32. Qg3 d4 33. Qf3 dxe3+ 34. Kxe3 Qc8 35. c6 Rc7 36. Rc1 Qf8 37. Qd1 Qb8 38. Qd6 Qb6+ 39. Rc5 Kf7 40. Kf3 Qa7 41. Qd8 Qb6 42. Qf6+ Kg8 43. Qxg6+ Kh8 44. Qf6+ Kh7 45. Qxe6 Kh8 46. Qd6 a5 47. e6 Qa7 48. Rxf5 1-0

[Event "Stuttgart-chA"]
[Site "Stuttgart"]
[Date "2004.??.??"]
[Round "?"]
[White "Rautenberg, Uwe"]
[Black "Nass, Walter Robert"]
[Result "1/2-1/2"]
[WhiteElo "2015"]
[BlackElo "1875"]
[PlyCount "81"]
[EventDate "2004.05.20"]
[EventType "swiss"]
[EventRounds "7"]
[EventCountry "GER"]
[SourceTitle "EXT 2007"]
[Source "ChessBase"]
[SourceDate "2006.11.23"]
[SourceVersion "1"]
[SourceVersionDate "2006.11.23"]
[SourceQuality "1"]

1. Nf3 Nf6 2. b3 d5 3. Bb2 c5 4. e3 Nc6 5. Bb5 Qc7 6. 0-0 Bg4 7. d4 e6 8. Nbd2 a6 9. Bxc6+ bxc6 10. c4 cxd4 11. exd4 Bd6 12. h3 Bh5 13. Qc2 Bg6 14. Qc3 0-0 15. Rac1 Rfc8 16. Ne5 Ne4 17. Qe3 Qa5 18. Nxe4 Bxe4 19. a3 h6 20. b4 Qd8 21. cxd5 cxd5 22. Rxc8 Rxc8 23. Rc1 f6 24. Nd3 Rxc1+ 25. Bxc1 Qc8 26. Nc5 Bxc5 27. dxc5 Qc6 28. Qb3 d4 29. f3 Bd5 30. Qc2 e5 31. Qd2 Qb5 32. Kf2 Qc4 33. Bb2 Bc6 34. Kg3 Qb3 35. Kf2 Bb5 36. Kg1 Qc4 37. Kf2 h5 38. h4 Qd5 39. Kg3 Bc6 40. Kh2 Qc4 41. f4 1/2-1/2

[Event "Stuttgart-chA"]
[Site "Stuttgart"]
[Date "2003.??.??"]
[Round "?"]
[White "Hartung, Jerry"]
[Black "Rautenberg, Uwe"]
[Result "1-0"]
[WhiteElo "2150"]
[BlackElo "1785"]
[PlyCount "81"]
[EventDate "2003.??.??"]
[EventType "swiss"]
[EventRounds "9"]
[EventCountry "GER"]
[SourceTitle "EXT 2007"]
[Source "ChessBase"]
[SourceDate "2006.11.23"]
[SourceVersion "1"]
[SourceVersionDate "2006.11.23"]
[SourceQuality "1"]

1. e4 b6 2. d4 Bb7 3. Nc3 e6 4. Nf3 Nf6 5. Bd3 Bb4 6. Qe2 0-0 7. Bg5 h6 8. Bh4 Be7 9. 0-0 d6 10. Rad1 Nbd7 11. Rfe1 Re8 12. e5 Nd5 13. Bxe7 Nxc3 14. bxc3 Qxe7 15. c4 dxe5 16. Nxe5 Nxe5 17. Qxe5 Qd6 18. Qe3 Rad8 19. c3 Bc6 20. Bb1 Qf8 21. h4 Qe7 22. Qg3 Qd6 23. Qd3 f5 24. d5 Qf4 25. Qc2 exd5 26. Rxe8+ Rxe8 27. cxd5 Bd7 28. Qd3 Qxh4 29. d6 c6 30. Qa6 c5 31. Qb7 Qa4 32. Qd5+ Be6 33. Qd2 Qd7 34. a3 Kf8 35. Qf4 Kg8 36. Bc2 Rd8 37. Qe5 Rf8 38. Re1 Re8 39. Bxf5 Kf7 40. Bc2 Kg8 41. Bg6 1-0